Les familles de matériaux - Statistiques

Statistiques générales
  • Ce quiz a été pris 39 fois
  • Le résultat moyen est 3 sur 5
Statistiques - réponses
Réponse % Correct
Métaux
100%
Plastiques
51%
Céramiques
43%
Composites
34%
Matériaux organiques
26%
Aucun quiz correspondant
Distribution des résultats
% des personnes avec chaque résultat
Percentile par nombre de réponses
Votre historique - résultats
Vous n’avez pas pris ce quiz